Dôchodkové nároky našich zamestnancov v podmienkach EÚ
Starobné dôchodky vyplácané zo sociálnej poisťovne (1. pilier). Správa penzijných fondov dôchodkovými správcovskými spoločnosťami (2. pilier). Doplnkové dôchodkové sporenie - DDS (3. pilier).
Gespeichert in:
| 1. Verfasser: | |
|---|---|
| Format: | Buchkapitel |
| Sprache: | Slowakisch |
| Schlagworte: | |
| Tags: |
Keine Tags, Fügen Sie das erste Tag hinzu!
|
MARC
| LEADER | 00000naa a2200000 4500 | ||
|---|---|---|---|
| 001 | 0195911 | ||
| 005 | 20240502073310.5 | ||
| 041 | 0 | |a slo | |
| 044 | |a SK | ||
| 245 | 1 | 0 | |a Dôchodkové nároky našich zamestnancov v podmienkach EÚ |c Ľuboš Pavelka |
| 520 | |a Starobné dôchodky vyplácané zo sociálnej poisťovne (1. pilier). Správa penzijných fondov dôchodkovými správcovskými spoločnosťami (2. pilier). Doplnkové dôchodkové sporenie - DDS (3. pilier). | ||
| 610 | 2 | 0 | |a dôchodky starobné |
| 610 | 2 | 0 | |a zamestnanci |
| 610 | 2 | 0 | |a zamestnávatelia |
| 610 | 2 | 0 | |a poistenie dôchodkové doplnkové |
| 610 | 2 | 0 | |a poisťovne sociálne |
| 610 | 2 | 0 | |a spoločnosti dôchodkové doplnkové |
| 610 | 2 | 0 | |a spoločnosti správcovské dôchodkové |
| 100 | 1 | |a Pavelka, Ľuboš, 1962- | |